Normal view
MARC view
Entry Meeting Name
001 - CONTROL NUMBER
- control field: 25084
003 - CONTROL NUMBER IDENTIFIER
- control field: OSt
005 - DATE AND TIME OF LATEST TRANSACTION
- control field: 20211105134924.0
008 - FIXED-LENGTH DATA ELEMENTS
- fixed length control field: 211105|| aca||aabn | a|a d
040 ## - CATALOGING SOURCE
- Original cataloging agency: OSt
- Transcribing agency: OSt
111 ## - HEADING--MEETING NAME
- Meeting name or jurisdiction name as entry element: KIAS Astrophysics Workshop
- Number of part/section/meeting: 1st
- Location of meeting: Seoul, Korea
- Date of meeting or treaty signing: 2000 May 24-27
670 ## - SOURCE DATA FOUND
- Source citation: Work cat.: (OSt): Chang, H.-Y. 25083, Explosive phenomena in astrophysical compact objects, 2000